| 000 | 00718nam0a22002531 4500 | ||
|---|---|---|---|
| 001 | RU\NLR\INFOCOMM10\ROSSICA\1000006299 | ||
| 005 | 20250613190452.0 | ||
| 035 | _a(NLR Aleph) 009911896 | ||
| 090 |
_a10622174 _c10622174 |
||
| 100 | _a20030602d1862 |||y0rusy50 ca | ||
| 101 | 0 | _ager | |
| 102 | _aRU | ||
| 105 | _ay ||||000ay | ||
| 200 | 1 |
_aDer Lehrstuhl für allgemeine Literatur-Geschichte an den russischen Universitäten _fFr. Meyer von Waldeck |
|
| 210 |
_aSt.Petersburg _d1862 |
||
| 215 | _d8° | ||
| 700 | 1 |
_aMeyer von Waldeck _bF. _gFr. _4070 |
|
| 801 | 1 |
_aRU _bInfoComm _c20030602 |
|
| 801 | 0 |
_aRU _bNLR _gPSBO |
|
| 852 |
_aNLR _j13.9.3.866 |
||
| 942 | _cBOOK | ||
| 980 | _aNB | ||
| 980 | _aRossica | ||